Random Federal Subjects (Oblasts) of Russia - Statistics

General Stats
  • This quiz has been taken 210 times
  • The average score is 25 of 35
Answers on the Map
Answers color-coded by a green-red scale on the quiz's map according to % correct below.
 
Answer Stats
Type Federal Subject % Correct
Republic Dagestan
100%
Krai Kamchatka
100%
Oblast Moscow
100%
Republic Sakha
100%
Republic Karelia
95%
City Moscow
95%
Autonomous Okrug Nenets
95%
Oblast Sakhalin
95%
Krai Krasnoyarsk
94%
Oblast Leningrad
94%
Oblast Murmansk
94%
Oblast Pskov
94%
Oblast Kaliningrad
93%
Oblast Arkhangelsk
92%
Krai Altai
90%
Oblast Novosibirsk
90%
Autonomous Okrug Chukotka
89%
Republic Ingushetia
88%
Oblast Magadan
88%
Republic Altai
86%
Autonomous Oblast Jewish
86%
Republic Chuvash Republic
85%
Oblast Irkutsk
85%
Republic Kabardino-Balkar
85%
Krai Krasnodar
85%
Autonomous Okrug Yamalo-Nenets
85%
Oblast Vladimir
84%
Krai Primorsky
83%
Oblast Smolensk
83%
Oblast Vologda
83%
Oblast Samara
82%
Republic North Ossetia-Alania
81%
Oblast Orenburg
81%
Republic Tuva
81%
Republic Chechen Republic
80%
Oblast Omsk
80%
Oblast Saratov
80%
Republic Adygea
79%
Oblast Belgorod
79%
Oblast Tomsk
79%
Oblast Amur
78%
Republic Tatarstan
78%
Oblast Ulyanovsk
78%
Krai Khabarovsk
77%
Oblast Kursk
77%
Krai Perm
76%
Oblast Rostov
76%
Republic Bashkortostan
75%
Oblast Bryansk
75%
Republic Buryatia
75%
Republic Kalmykia
75%
Oblast Novgorod
75%
Oblast Volgograd
75%
Oblast Ivanovo
73%
Oblast Nizhny Novgorod
73%
City Saint Petersburg
72%
Republic Karachay-Cherkess
71%
Oblast Kemerovo
71%
Oblast Tyumen
71%
Krai Zabaykalsky
71%
Oblast Astrakhan
70%
Oblast Kirov
70%
Republic Komi
70%
Krai Stavropol
69%
Oblast Chelyabinsk
68%
Republic Khakassia
68%
Oblast Kostroma
68%
Republic Mari El
68%
Oblast Penza
65%
Oblast Sverdlovsk
64%
Oblast Ryazan
63%
Oblast Tambov
63%
Oblast Tver
63%
Oblast Voronezh
63%
Oblast Tula
61%
Oblast Lipetsk
60%
Republic Mordovia
59%
Republic Udmurt
57%
Autonomous Okrug Khanty–Mansi / Yugra
56%
Oblast Kurgan
56%
Oblast Oryol
53%
Oblast Kaluga
52%
Oblast Yaroslavl
39%
No matching quizzes found
Score Distribution
Percent of People with Each Score
Percentile by Number Answered
Your Score History
You have not taken this quiz